000 00508nam a22002177a 4500
003 UA-OsUOA
001 49639
007 ta
008 20071010b un ||||| |||| 00| 0 ukr d
100 _aКостенко Олександр
090 _a32
_bК-11
942 _cSA
040 _aUA-OsUOA
_bukr
_cUA-OsUOA
_dUA-OsUOA
245 _aСоціальний натуралізм.
300 _aС.6
955 _a0
041 _aukr
080 _a32
773 0 _w49620
650 7 _a32 Політика
_2UDC
999 _c335753
_d335753